| 000 | 00974nam a2200217Ia 4500 | ||
|---|---|---|---|
| 999 |
_c39175 _d39175 |
||
| 001 | 5759 | ||
| 003 | GE_BSU | ||
| 005 | 20190605161547.0 | ||
| 008 | 181216s1979||||ge |||||||||||||| ||geo|| | ||
| 040 | _cGE_BSU | ||
| 041 | _ageo | ||
| 080 | _a69 : 536.5(075.8) რ-26 | ||
| 100 |
_aრატიანი, გ. _91384 |
||
| 245 |
_aსამშენებლო თბოფიზიკა : _bსახელმძღვ. / _cგ. რატიანი, მ. გრძელიშვილი ; რედ. გ .დარჩია. |
||
| 264 |
_aთბილისი : _bგანათლება, _c1979. |
||
| 300 |
_a207 გვ. : _bნახაზები, დანართები გვ.190-203 ; _c22 სმ. |
||
| 653 | _aსამშენებლო თბოფიზიკა. | ||
| 700 |
_aგრძელიშვილი, მ. _eავტორი _9668 |
||
| 700 |
_aდარჩია, გ. _eრედაქტორი _9667 |
||
| 942 |
_cBK _2udc |
||